000 00465nam a2200157Ia 4500
008 210716s1988 xx 000 0 und d
020 _a0138508925
041 _aeng
082 _a658.409 QUIJ
100 _aQuinn, James Brain;Mintzberg, Henry;James, Robert M.
245 _aStrategy process: concepts contexts cases.
_bConcepts contexts cases.
250 _a1
260 _aNew York
_bPrentice Hall
_c1988
300 _axxv,998
650 _aStrategic Management
999 _c200696
_d200696